[Event "EU-ch U16 24th"]
[Site "Batumi"]
[Date "2014.10.21"]
[Round "3"]
[White "Tosic, Danilo"]
[Black "Theocharous, Stelios"]
[Result "0-1"]
[WhiteElo "1768"]
[BlackElo "1828"]
[PlyCount "77"]
[EventDate "2014.10.19"]
[EventType "swiss"]
[EventRounds "9"]
[EventCountry "GEO"]
[SourceTitle "EXT 2015"]
[Source "ChessBase"]
[SourceDate "2014.11.20"]
[SourceVersion "1"]
[SourceVersionDate "2014.11.20"]
[SourceQuality "1"]

1. e4 c5 2. Nf3 Nc6 3. Bb5 Nf6 4. Nc3 g6 5. 0-0 Bg7 6. d3 0-0 7. Be3 d6 8. h3 a6 9. Bxc6 bxc6 10. Qd2 Rb8 11. Rab1 Re8 12. Rfe1 e5 13. Nh2 Be6 14. f4 exf4 15. Bxf4 Nh5 16. Bh6 Bd4+ 17. Be3 Qf6 18. Rf1 Qg5 19. Rf3 Qe5 20. Bxd4 cxd4 21. Nd1 d5 22. Nf2 dxe4 23. Nxe4 f5 24. Qg5 Bxa2 25. Rbf1 Qe7 26. Rxf5 Qxg5 27. Rxg5 Bd5 28. g4 Bxe4 29. gxh5 Bd5 30. hxg6 hxg6 31. Rxg6+ Kh7 32. Rg4 Rxb2 33. Rff4 Re1+ 34. Kf2 Re6 35. Rf7+ Kh6 36. Rgg7 Rxc2+ 37. Kg3 Rg2+ 38. Kh4 Rxg7 39. Ng4+ 0-1

[Event "EU-ch U16 24th"]
[Site "Batumi"]
[Date "2014.10.20"]
[Round "2"]
[White "Theocharous, Stelios"]
[Black "O'Donnell, Conor"]
[Result "0-1"]
[WhiteElo "1828"]
[BlackElo "2233"]
[PlyCount "62"]
[EventDate "2014.10.19"]
[EventType "swiss"]
[EventRounds "9"]
[EventCountry "GEO"]
[SourceTitle "EXT 2015"]
[Source "ChessBase"]
[SourceDate "2014.11.20"]
[SourceVersion "1"]
[SourceVersionDate "2014.11.20"]
[SourceQuality "1"]

1. e4 c5 2. Nf3 e6 3. d4 cxd4 4. Nxd4 Nc6 5. Nc3 Qc7 6. Ndb5 Qb8 7. Be3 a6 8. Nd4 Nf6 9. a3 Be7 10. Be2 0-0 11. 0-0 d6 12. f4 Qc7 13. Bf3 Bd7 14. Nb3 b5 15. Qe2 Rac8 16. Rfd1 Rfd8 17. Qf2 Rb8 18. g4 Be8 19. g5 Nd7 20. h4 Nb6 21. f5 Nc4 22. Rab1 Nxe3 23. Qxe3 Ne5 24. Be2 a5 25. Nd4 Nc4 26. Bxc4 Qxc4 27. Qg3 b4 28. axb4 axb4 29. Nce2 e5 30. f6 Bf8 31. b3 Qc5 0-1

[Event "Aegean op 37th"]
[Site "Aghios Kirykos"]
[Date "2014.07.16"]
[Round "6"]
[White "Hookham, James"]
[Black "Theocharous, Stelios"]
[Result "1-0"]
[WhiteElo "2104"]
[BlackElo "1724"]
[PlyCount "91"]
[EventDate "2014.07.12"]
[EventType "swiss"]
[EventRounds "9"]
[EventCountry "GRE"]
[SourceTitle "CBM 161 Extra"]
[Source "ChessBase"]
[SourceDate "2014.08.29"]
[SourceVersion "1"]
[SourceVersionDate "2014.08.29"]
[SourceQuality "1"]

1. e4 c5 2. d4 cxd4 3. c3 Nf6 4. e5 Nd5 5. Nf3 d6 6. cxd4 Nc6 7. Bc4 Nb6 8. Bb5 Bd7 9. exd6 exd6 10. 0-0 Be7 11. Bf4 0-0 12. Nbd2 a6 13. Bd3 Nb4 14. Bb1 Bb5 15. Re1 N4d5 16. Bg3 f5 17. a4 Bc6 18. h3 a5 19. Qe2 Kh8 20. Bc2 Nb4 21. Bb3 Re8 22. Bf7 Rf8 23. Qxe7 Nc2 24. Bb3 Qxe7 25. Rxe7 Nxa1 26. Bxd6 Rfe8 27. Ba2 Rxe7 28. Bxe7 Bd5 29. Bb1 Re8 30. Bd6 Be4 31. Nxe4 fxe4 32. Ne5 g6 33. Bxe4 Nb3 34. Bxb7 Nxd4 35. Bc5 Ne2+ 36. Kf1 Rxe5 37. Bxb6 Re7 38. Bf3 Nf4 39. g3 Ne6 40. Bxa5 h5 41. Bc3+ Kh7 42. a5 Ra7 43. b4 Rc7 44. Be5 Ra7 45. Bb8 Rd7 46. a6 1-0

[Event "Aegean op 37th"]
[Site "Aghios Kirykos"]
[Date "2014.07.14"]
[Round "3"]
[White "Theocharous, Stelios"]
[Black "Kakkanas, Evangelos"]
[Result "1-0"]
[WhiteElo "1724"]
[BlackElo "1988"]
[PlyCount "67"]
[EventDate "2014.07.12"]
[EventType "swiss"]
[EventRounds "9"]
[EventCountry "GRE"]
[SourceTitle "CBM 161 Extra"]
[Source "ChessBase"]
[SourceDate "2014.08.29"]
[SourceVersion "1"]
[SourceVersionDate "2014.08.29"]
[SourceQuality "1"]

1. e4 c6 2. d4 d5 3. Nc3 dxe4 4. Nxe4 Bf5 5. Ng3 Bg6 6. Nf3 Nd7 7. Bd3 Bxd3 8. Qxd3 e6 9. Bf4 Qa5+ 10. c3 Ngf6 11. 0-0 Be7 12. b4 Qa4 13. Ne5 Nxe5 14. dxe5 Nd5 15. Bd2 Rd8 16. Qe2 Qc2 17. Rfc1 Qg6 18. a3 Nb6 19. Ne4 0-0 20. Bf4 Rd7 21. Rd1 Rfd8 22. f3 f5 23. exf6 Rxd1+ 24. Rxd1 Rxd1+ 25. Qxd1 gxf6 26. Bd6 Qe8 27. Bxe7 Qxe7 28. Qd6 Kf7 29. Qb8 Nc4 30. Qh8 Kg6 31. Qg8+ Kh6 32. g4 Ne5 33. f4 Ng6 34. Nxf6 1-0

[Event "CYP-ch"]
[Site "Nikosia/Larnaca/Limassol"]
[Date "2013.10.13"]
[Round "8"]
[White "Theocharous, Stelios"]
[Black "Savva, Panikos"]
[Result "1/2-1/2"]
[WhiteElo "1692"]
[BlackElo "2033"]
[PlyCount "189"]
[EventDate "2013.09.07"]
[EventType "tourn"]
[EventRounds "9"]
[EventCountry "CYP"]
[SourceTitle "EXT 2014"]
[Source "ChessBase"]
[SourceDate "2013.11.20"]
[SourceVersion "1"]
[SourceVersionDate "2013.11.20"]
[SourceQuality "1"]

1. e4 c5 2. Nf3 e6 3. d4 cxd4 4. Nxd4 Nc6 5. Nc3 Qc7 6. Be2 a6 7. 0-0 Nf6 8. Be3 Bb4 9. f3 b5 10. a3 Be7 11. Qd2 Bb7 12. Rfd1 0-0 13. Nb3 Ne5 14. Bf4 Rac8 15. Rac1 Rfd8 16. Bxe5 Qxe5 17. f4 Qc7 18. e5 Ne4 19. Nxe4 Bxe4 20. c4 Qb7 21. cxb5 Rxc1 22. Rxc1 axb5 23. Nc5 Qb6 24. b4 d6 25. exd6 Bxd6 26. Qe3 Bd5 27. Bf3 Bc4 28. Kf2 Qc7 29. g3 Be7 30. Ne4 Rc8 31. Nd2 Qd8 32. Nxc4 Rxc4 33. Rxc4 bxc4 34. Qc3 h6 35. Qxc4 Qd2+ 36. Qe2 Qc3 37. Qe3 Qb2+ 38. Be2 Bf6 39. Kg2 Bc3 40. Qd3 g6 41. b5 Qxa3 42. Qc2 Qb4 43. Bf3 Bd4 44. Qe2 Kg7 45. Qe4 Qd2+ 46. Qe2 Qc1 47. Qf1 Qc5 48. Qd3 h5 49. Qe2 Qd6 50. Qd2 e5 51. fxe5 Qxe5 52. Qe2 Qf6 53. Qd2 h4 54. gxh4 Qxh4 55. h3 Be5 56. Qf2 Qf4 57. h4 Qh2+ 58. Kf1 Qh3+ 59. Bg2 Qd3+ 60. Qe2 Qb1+ 61. Kf2 Qf5+ 62. Bf3 Qf4 63. Qe4 Qh2+ 64. Bg2 Bg3+ 65. Kf3 Bd6 66. Qd4+ Be5 67. Qg4 Qg1 68. Qe4 Qd1+ 69. Qe2 Qd5+ 70. Kf2 Bd4+ 71. Ke1 Qc5 72. Bc6 Qc1+ 73. Qd1 Qe3+ 74. Qe2 Qg3+ 75. Kd2 Qxh4 76. Qc4 Be3+ 77. Kd3 Qg3 78. Be8 Bg5+ 79. Kc2 Qf2+ 80. Kb3 Qe3+ 81. Qc3+ Qxc3+ 82. Kxc3 Be3 83. Kd3 Bb6 84. Ke4 f5+ 85. Kf4 Kf6 86. Bd7 g5+ 87. Kg3 Bc7+ 88. Kg2 g4 89. Bc6 Kg5 90. Bd5 f4 91. Bc6 Bb6 92. Bb7 Kf6 93. Be4 Ke5 94. Bd3 Kd4 95. Be2 1/2-1/2